000 03317nam a22002537a 4500
003 URS
005 20250218184204.0
008 250218b |||||||| |||| 00| 0 eng d
050 0 0 _a LG 221.R59
_b.V5864 2023
100 _aVergara, Elyssa Marie B.
_eResearcher
245 1 0 _aUtillization of public secondary schools in the implementation of disaster risk reduction and management program/
_cEllysa Marie B. Vergara; Margilou D. Zonio [and] Oxy O. Alifa
300 _axii, 121 leaves;
_billustrations,
_c 28cm,
336 _2rdacontent
_atext
337 _2rdamedia
_aunmediated
338 _2rdacarrier
_avolume
502 _aUndergraduate Thesis
_bBachelor of Secondary Education major in Science
_cUniversity of Rizal System, Rodriguez, Rizal
_d2023
520 _aThis study identified the utilization of public secondary schools in the Implementation of Disaster Risk Reduction and Management (DRRM) Program in Tagumpay National High School and Kasiglahan Village National High Scho during the school year 2022-2023. It involved 80 students and 40 teachers who served as the respondents of the study. The study used mixed-method explanatory research to collect and analyze quantitative and qualitative data. Also, the research instrument used by the researchers is a checklist questionnaire (researcher-made questionnaire) and an Interview as a research Instrument in gathering data. And to interpret and You sent a result, it is predicted that both schools would have adequats infrastructure and well-renovated facilities; According to the date, the respondents strongly agreed with the statements made by the researchers. That is, each school conducts frequent disaster drills, responds to any unforeseen event that may arise, and has a plan in place if a crisis occurs, and, based on the emerging difficulties indicated by respondents, there are still some clear issues that require attention and solutions. Lack of equipment and materials, lack of preparedness measures and disaster exercises, and lack of preparation knowledge and awareness are the difficulties that may affect the school and respondents. Additionally, respondents, especially instructors, expressed a desire for seminars and training. And lastly, in line with the aforementioned conclusions, the researchers formulated the recommendation for teachers, students, and school administrators or the School DRRM, Wherein, the students should be more aware and encourage to take part on the utilization and implementation of the Disaster Risk Reduction Management policies and practices. While, the Teachers should have the characteristics to lead the students in the disaster drills and well educated when it comes to Disaster Risk Reduction Management guidelines and policies, And lastly, the school administrators or the School DRRM should provide sufficient equipment and supplies in case of the unexpected disaster. Continue strengthen the utilization and implementation of DRRM policies and guideline that has been/will be provided by DepEd.
650 _2Utilization of public secondary schools -- disaster risk
700 _aVergara, Ellysa Marie B.
_eResearcher
700 _aZonio, Margilou D.
_eResearcher
700 _aAlifa, Oxy O.
_eResearcher
700 _aCalanasan - MAT, Rosanna N.
_eAdviser
942 _2lcc
_cT
999 _c82122
_d82121